Environmental management in Kenya : (Record no. 6423)
[ view plain ]
| 000 -LEADER | |
|---|---|
| fixed length control field | 00927nam a22002412 4500 |
| 001 - CONTROL NUMBER | |
| control field | 0000003478 |
| 005 - DATE AND TIME OF LATEST TRANSACTION | |
| control field | 20151217151926.0 |
| 008 - FIXED-LENGTH DATA ELEMENTS--GENERAL INFORMATION | |
| fixed length control field | 070508s xx 000 0 eng d |
| 020 ## - INTERNATIONAL STANDARD BOOK NUMBER | |
| Terms of availability | KES 200 |
| 040 ## - CATALOGING SOURCE | |
| Original cataloging agency | KABU |
| Transcribing agency | KABU |
| 050 #0 - LIBRARY OF CONGRESS CALL NUMBER | |
| Classification number | KSK1507 |
| Item number | .E58 2000 |
| 245 10 - TITLE STATEMENT | |
| Title | Environmental management in Kenya : |
| Remainder of title | a guide to the Environmental Management and Co-ordination Act / |
| Statement of responsibility, etc. | editors: George M. Wamukoya and Francis D. P. Situma. |
| 260 ## - PUBLICATION, DISTRIBUTION, ETC. (IMPRINT) | |
| Place of publication, distribution, etc. | Nairobi : |
| Name of publisher, distributor, etc. | The Centre for Research and Education on Environmental law, |
| Date of publication, distribution, etc. | c2000. |
| 300 ## - PHYSICAL DESCRIPTION | |
| Extent | vii, 101 p. ; |
| Dimensions | 29 cm. |
| 650 #0 - SUBJECT ADDED ENTRY--TOPICAL TERM | |
| Topical term or geographic name as entry element | Environmental law |
| Geographic subdivision | Kenya. |
| -- | 0000153304 |
| 650 #0 - SUBJECT ADDED ENTRY--TOPICAL TERM | |
| Topical term or geographic name as entry element | Environmental management |
| Geographic subdivision | Kenya. |
| -- | 0000153428 |
| 700 1# - ADDED ENTRY--PERSONAL NAME | |
| Personal name | Wamukoya, George M. |
| -- | 0000153429 |
| 700 1# - ADDED ENTRY--PERSONAL NAME | |
| Personal name | Situma, Francis D. P. |
| -- | 0000153430 |
| 908 ## - PUT COMMAND PARAMETER (RLIN) | |
| Put command parameter | 070508 |
| 950 ## - LOCAL HOLDINGS (RLIN) | |
| -- | 1 |
| Withdrawn status | Lost status | Source of classification or shelving scheme | Not for loan | Home library | Current library | Date acquired | Total Checkouts | Total Renewals | Full call number | Barcode | Date last seen | Date last checked out | Price effective from | Koha item type |
|---|---|---|---|---|---|---|---|---|---|---|---|---|---|---|
| Library of Congress Classification | Kabarak, Main Campus | Kabarak, Main Campus | 17/12/2015 | 5 | 1 | KSK1507 .E58 2000 c. 2 | 015817 | 11/10/2024 | 23/09/2024 | 17/12/2015 | General Collection | |||
| Library of Congress Classification | Kabarak, Main Campus | Kabarak, Main Campus | 17/12/2015 | 1 | KSK1507 .E58 2000 c. 3 | 007574 | 17/03/2022 | 07/03/2022 | 17/12/2015 | General Collection |